[Event "Online Olym Top DivA 2020"]
[Site "chess.com INT"]
[Date "2020.08.23"]
[Round "7.1"]
[Board "5"]
[White "Liu, Yan"]
[Black "Nguyen, Anh Khoi"]
[Result "1-0"]
[WhiteTitle "GM"]
[BlackTitle "GM"]
[WhiteElo "2524"]
[BlackElo "2520"]
[WhiteTeam "China"]
[BlackTeam "Vietnam"]
[WhiteFideId "8608962"]
[BlackFideId "12404675"]
[EventDate "2020.08.21"]
[EventType "team"]

1. Nf3 Nf6 2. c4 b6 3. g3 Bb7 4. Bg2 e6 5. O-O Be7 6. b3 O-O 7. Bb2 d5 8. e3 c5
9. Nc3 Nbd7 10. Qe2 Rc8 11. Rfd1 Qc7 12. Nh4 Rfd8 13. cxd5 exd5 14. Nf5 Bf8 15.
Nxd5 Nxd5 16. Nh6+ Kh8 17. Nxf7+ Kg8 18. Nxd8 Rxd8 19. Qc4 Nb8 20. d4 b5 21.
Qxb5 Ba6 22. Qa4 Nb4 23. dxc5 Nd3 24. b4 Qf7 25. Rd2 Nxc5 26. Qd1 Rxd2 27. Qxd2
Nd3 28. Bc3 Nd7 29. Rd1 Bc4 30. Be4 N7e5 31. f4 1-0

[Event "Online Olym Top DivA 2020"]
[Site "chess.com INT"]
[Date "2020.08.23"]
[Round "7.1"]
[Board "6"]
[White "Bach, Ngoc Thuy Duong"]
[Black "Zhu, Jiner"]
[Result "0-1"]
[WhiteTitle "WIM"]
[BlackTitle "WGM"]
[WhiteElo "2239"]
[BlackElo "2459"]
[WhiteTeam "Vietnam"]
[BlackTeam "China"]
[WhiteFideId "12408956"]
[BlackFideId "8608059"]
[EventDate "2020.08.21"]
[EventType "team"]

1. d4 Nf6 2. c4 e6 3. Nc3 Bb4 4. Qc2 b6 5. e4 c5 6. d5 Qe7 7. Ne2 exd5 8. exd5
O-O 9. Bd2 d6 10. f3 Nbd7 11. O-O-O Ne5 12. Ng3 a6 13. Re1 Qd8 14. h3 b5 15. a3
Bxc3 16. Bxc3 Nxd5 17. Bxe5 dxe5 18. cxd5 Qg5+ 19. Kb1 Qxg3 20. Bd3 c4 21. Bxh7+
Kh8 22. Bf5 a5 23. d6 Rd8 24. Bxc8 Raxc8 25. Qf5 c3 26. Re4 Qf2 27. bxc3 Rxc3
28. Rg4 Rb3+ 29. Kc1 Qb2+ 30. Kd1 Rxd6+ 31. Ke1 Qd2+ 32. Kf1 Qd3+ 33. Qxd3 Rdxd3
34. Kf2 Rxa3 35. Re1 Rd5 36. Rc1 g6 37. h4 Kg7 38. h5 e4 39. hxg6 e3+ 40. Kg3
fxg6 41. Rc6 g5 42. Re4 Rf5 43. Re7+ Rf7 44. Re5 Kh7 45. Kg4 Rg7 46. Kh5 Ra4 47.
g4 Ra1 48. Rh6+ Kg8 49. Rg6 Kh7 50. Rxg7+ Kxg7 51. Kxg5 a4 52. f4 a3 53. f5 Rf1
54. Re7+ Kf8 55. Rxe3 a2 0-1

[Event "Online Olym Top DivA 2020"]
[Site "chess.com INT"]
[Date "2020.08.23"]
[Round "7.2"]
[Board "5"]
[White "Mpala, Leeroy"]
[Black "Vogel, Roven"]
[Result "0-1"]
[BlackTitle "IM"]
[WhiteElo "1803"]
[BlackElo "2456"]
[WhiteTeam "Zimbabwe"]
[BlackTeam "Germany"]
[WhiteFideId "11003367"]
[BlackFideId "12908088"]
[EventDate "2020.08.21"]
[EventType "team"]

1. d4 Nf6 2. Nf3 g6 3. g3 Bg7 4. Bg2 O-O 5. c4 d6 6. O-O Nbd7 7. Nc3 e5 8. dxe5
dxe5 9. Qc2 c6 10. Rd1 Qe7 11. Bg5 Nc5 12. e4 Bg4 13. Rac1 Ne6 14. Be3 Nd7 15.
h3 Bxf3 16. Bxf3 Nd4 17. Bxd4 exd4 18. Ne2 Ne5 19. Bg2 d3 20. Rxd3 Nxd3 21. Qxd3
Rfd8 22. Qc2 Qb4 23. Nc3 Qxc4 24. Bf1 Qc5 25. Rd1 Rxd1 26. Qxd1 Bd4 27. Qf3 Bxc3
28. bxc3 Rd8 29. Qf6 Rd1 0-1

[Event "Online Olym Top DivA 2020"]
[Site "chess.com INT"]
[Date "2020.08.23"]
[Round "7.3"]
[Board "1"]
[White "Anand, Viswanathan"]
[Black "Pantsulaia, Levan"]
[Result "1/2-1/2"]
[WhiteTitle "GM"]
[BlackTitle "GM"]
[WhiteElo "2753"]
[BlackElo "2553"]
[WhiteTeam "India"]
[BlackTeam "Georgia"]
[WhiteFideId "5000017"]
[BlackFideId "13602071"]
[EventDate "2020.08.21"]
[EventType "team"]

1. e4 c6 2. Nf3 d5 3. d3 Bg4 4. Nbd2 Nd7 5. Be2 e6 6. O-O Bd6 7. c3 Ne7 8. d4
O-O 9. Re1 Rc8 10. Ng5 Bxe2 11. Qxe2 Ng6 12. Ndf3 h6 13. exd5 exd5 14. Ne6 Bxh2+
15. Kxh2 fxe6 16. Qxe6+ Kh7 17. Qh3 Kg8 18. Qe6+ Kh7 19. Qh3 Kg8 20. Qe6+ 1/2-1/2

[Event "Online Olym Top DivA 2020"]
[Site "chess.com INT"]
[Date "2020.08.23"]
[Round "7.3"]
[Board "2"]
[White "Paichadze, Luka"]
[Black "Harikrishna, Pentala"]
[Result "0-1"]
[WhiteTitle "GM"]
[BlackTitle "GM"]
[WhiteElo "2565"]
[BlackElo "2732"]
[WhiteTeam "Georgia"]
[BlackTeam "India"]
[WhiteFideId "13602934"]
[BlackFideId "5007003"]
[EventDate "2020.08.21"]
[EventType "team"]

1. e4 e5 2. Nc3 Nf6 3. g3 d5 4. exd5 Nxd5 5. Bg2 Nxc3 6. bxc3 Nc6 7. Nf3 Bc5 8.
O-O O-O 9. Re1 Re8 10. d4 Bg4 11. dxc5 Qxd1 12. Rxd1 e4 13. Bf4 Bxf3 14. Rd7
Bxg2 15. Kxg2 Re7 16. Rxe7 Nxe7 17. Rd1 Kf8 18. Bxc7 Ke8 19. Rb1 b6 20. Be5 f6
21. Bd4 Kd7 22. cxb6 axb6 23. Rb2 b5 24. Rxb5 Rxa2 25. Rb7+ Ke6 26. Bc5 Nc6 27.
Rxg7 Rxc2 28. Rxh7 Rxc3 29. Be3 Ne5 30. Bd4 Rc2 31. Bxe5 Kxe5 32. Re7+ Kf5 33.
h3 Rc4 34. Kf1 Ra4 35. Ke2 Ra2+ 36. Kf1 Ra4 37. Rd7 Ke5 38. h4 f5 39. Kg2 f4 40.
g4 Ra2 41. Re7+ Kd5 42. h5 e3 43. h6 Rxf2+ 44. Kg1 Rf3 45. h7 Rh3 46. Kg2 Rh4
47. Kf3 Kd6 48. Rg7 Rh3+ 49. Ke2 Rh2+ 50. Kd3 e2 51. Kd2 f3 52. Rg6+ Kd7 53.
Rg7+ Ke6 54. Rg6+ Kf7 55. Rg5 Rh1 56. Re5 Kg7 57. Re7+ Kh8 58. g5 Rd1+ 59. Kc2
e1=Q 0-1

[Event "Online Olym Top DivA 2020"]
[Site "chess.com INT"]
[Date "2020.08.23"]
[Round "7.3"]
[Board "3"]
[White "Koneru, Humpy"]
[Black "Arabidze, Meri"]
[Result "1/2-1/2"]
[WhiteTitle "GM"]
[BlackTitle "IM"]
[WhiteElo "2586"]
[BlackElo "2428"]
[WhiteTeam "India"]
[BlackTeam "Georgia"]
[WhiteFideId "5008123"]
[BlackFideId "13604040"]
[EventDate "2020.08.21"]
[EventType "team"]

1. d4 Nf6 2. Nf3 d5 3. c4 e6 4. Nc3 Nbd7 5. cxd5 exd5 6. Bg5 Be7 7. e3 c6 8. Qc2
O-O 9. Bd3 Re8 10. O-O Nf8 11. Rab1 Ne4 12. Bxe7 Qxe7 13. Nd2 Nd6 14. e4 dxe4
15. Ndxe4 Nxe4 16. Bxe4 Ng6 17. d5 cxd5 18. Bxd5 Be6 19. Rfe1 Qd7 20. Bxe6 Rxe6
21. Rxe6 Qxe6 22. Rd1 Re8 23. h3 h6 24. Qb3 Qc6 1/2-1/2

[Event "Online Olym Top DivA 2020"]
[Site "chess.com INT"]
[Date "2020.08.23"]
[Round "7.3"]
[Board "4"]
[White "Batsiashvili, Nino"]
[Black "Harika, Dronavalli"]
[Result "1-0"]
[WhiteTitle "GM"]
[BlackTitle "GM"]
[WhiteElo "2457"]
[BlackElo "2515"]
[WhiteTeam "Georgia"]
[BlackTeam "India"]
[WhiteFideId "13602993"]
[BlackFideId "5015197"]
[EventDate "2020.08.21"]
[EventType "team"]

1. d4 d5 2. c4 e6 3. Nc3 c6 4. e3 Nf6 5. Nf3 Nbd7 6. b3 Bb4 7. Bd2 b6 8. Bd3 Bb7
9. O-O Qe7 10. cxd5 exd5 11. Ne2 Bxd2 12. Qxd2 O-O 13. Ng3 g6 14. b4 a5 15. b5
Ne4 16. Qb2 c5 17. dxc5 Ndxc5 18. Bc2 Rac8 19. Rad1 Rfd8 20. Ne2 Qf6 21. Qxf6
Nxf6 22. Ned4 Ne6 23. Bb3 Kf8 24. Ne5 Nxd4 25. Rxd4 Re8 26. Nd3 Re4 27. Rd1 Rxd4
28. exd4 Ne4 29. Ne5 Rc7 30. Kf1 f6 31. Ng4 Kg7 32. Ne3 Nc3 33. Rd2 a4 34. Bd1
Bc8 35. Bf3 Be6 36. Rb2 a3 37. Rb3 Bd7 38. Nxd5 Nxd5 39. Bxd5 Rc1+ 40. Ke2 Rc2+
41. Ke3 Kf8 42. Rxa3 Bxb5 43. Ra7 Rc3+ 44. Kf4 Rc2 45. Rf7+ Ke8 46. Rxf6 Ke7 47.
Re6+ Kd7 48. Rxb6 Bd3 49. Ke3 Bf1 50. a4 Re2+ 51. Kf3 Rd2 52. Be6+ Kc7 53. Rb4
Kd6 54. Bg8 h5 55. g3 Ra2 56. Bxa2 1-0

[Event "Online Olym Top DivA 2020"]
[Site "chess.com INT"]
[Date "2020.08.23"]
[Round "7.3"]
[Board "5"]
[White "Praggnanandhaa, R"]
[Black "Kacharava, Nikolozi"]
[Result "1-0"]
[WhiteTitle "GM"]
[BlackTitle "IM"]
[WhiteElo "2608"]
[BlackElo "2437"]
[WhiteTeam "India"]
[BlackTeam "Georgia"]
[WhiteFideId "25059530"]
[BlackFideId "13611860"]
[EventDate "2020.08.21"]
[EventType "team"]

1. e4 e5 2. Nf3 Nf6 3. Nxe5 d6 4. Nf3 Nxe4 5. d3 Nf6 6. d4 d5 7. Bd3 Bd6 8. Qe2+
Qe7 9. Qxe7+ Kxe7 10. O-O h6 11. Re1+ Be6 12. Nh4 Nc6 13. Nf5+ Kd7 14. Nxd6 Kxd6
15. c3 Kd7 16. Nd2 Bg4 17. Nb3 b6 18. a4 Rae8 19. Be3 a5 20. h3 Bh5 21. Bb5 Re6
22. Nc1 Bg6 23. Ne2 Bh7 24. Nf4 Rd6 25. f3 Kd8 26. h4 Ne7 27. Nd3 Bxd3 28. Bxd3
Re6 29. Kf2 Re8 30. g4 h5 31. Bg5 Rxe1 32. Rxe1 hxg4 33. Bxf6 g3+ 34. Kxg3 gxf6
35. Rh1 Rg8+ 36. Kf2 Rh8 37. h5 Rh6 38. Kg3 Kd7 39. Kg4 Ke6 40. Re1+ Kd6 41. f4
Rh8 42. Rh1 Ng8 43. Kf5 Ke7 44. Re1+ Kf8 45. Kg4 Nh6+ 46. Kf3 Ng8 47. Kg4 Nh6+
48. Kh3 c6 49. b4 Ng8 50. Kh4 Ne7 51. bxa5 bxa5 52. Rb1 Kg7 53. Rb7 Re8 54. Rc7
Ng8 55. Rxc6 Re3 56. Bf1 Nh6 57. Bh3 Rf3 58. Rc5 Rxf4+ 59. Kg3 Re4 60. Bc8 f5
61. Kf3 Rh4 62. Rxa5 Rh3+ 63. Kf4 Rxc3 64. Bd7 Ng8 65. Rxd5 Nf6 66. Rd6 Nxh5+
67. Kxf5 Ng3+ 68. Kf4 Ne2+ 69. Ke4 Ra3 70. Ra6 Nc3+ 71. Ke5 Ra1 72. Bc6 Re1+ 73.
Kd6 f5 74. a5 f4 75. Ra7+ Kf6 76. Ra8 Re6+ 77. Kc5 Kg7 78. a6 f3 79. Bxf3 Na4+
80. Kb4 Nb6 81. Ra7+ Kf6 82. Kb5 Nc8 83. Rc7 Nd6+ 84. Kb4 Re1 85. a7 Rb1+ 86.
Kc5 Ne8 87. Rc6+ Ke7 88. a8=Q Rc1+ 89. Kb4 Rb1+ 90. Kc3 Rc1+ 91. Kb2 1-0

[Event "Online Olym Top DivA 2020"]
[Site "chess.com INT"]
[Date "2020.08.23"]
[Round "7.3"]
[Board "6"]
[White "Lomaia, Diana"]
[Black "Divya, Deshmukh"]
[Result "0-1"]
[WhiteTitle "WCM"]
[BlackTitle "WIM"]
[WhiteElo "1999"]
[BlackElo "2305"]
[WhiteTeam "Georgia"]
[BlackTeam "India"]
[WhiteFideId "13612476"]
[BlackFideId "35006916"]
[EventDate "2020.08.21"]
[EventType "team"]

1. d4 Nf6 2. c4 e6 3. g3 Bb4+ 4. Bd2 Qe7 5. Bg2 Nc6 6. Nf3 Bxd2+ 7. Nbxd2 a5 8.
O-O d6 9. e4 e5 10. d5 Nb8 11. a3 a4 12. Ne1 h5 13. Nd3 h4 14. Qe2 Bd7 15. Rac1
Na6 16. f4 hxg3 17. hxg3 exf4 18. gxf4 O-O-O 19. b4 axb3 20. Nxb3 Ng4 21. Nf2
Qh4 22. Nxg4 Bxg4 23. Qd2 Rh6 24. Rc3 Rdh8 25. Rfc1 Qh2+ 26. Kf2 Qh4+ 27. Kg1
Rf6 28. f5 Qh2+ 29. Kf2 Bh3 30. Rg3 Bxg2 31. Rxg2 Qh4+ 32. Kf3 g6 33. Qf4 gxf5
34. Qxh4 Rxh4 35. exf5 Rxf5+ 36. Kg3 Rfh5 37. Kf2 Rf5+ 38. Kg3 Re4 39. Rc3 b6
40. Nd2 Ref4 41. Rf3 Rxf3+ 42. Nxf3 Rf6 43. Rh2 Nc5 44. Rh8+ Kd7 45. Kf2 Nd3+
46. Ke3 Ne5 47. Nxe5+ dxe5 48. Ke4 Rf4+ 49. Kxe5 Rxc4 50. Rf8 Ke7 51. Rc8 f6+
52. Kf5 Rc5 53. Ke4 Kd7 54. Rf8 Ke7 55. Rc8 f5+ 56. Ke5 Kd7 57. Rf8 c6 58. Kxf5
Rxd5+ 59. Ke4 Ra5 60. Rf3 Kc7 61. Kd4 Kb7 62. Kc4 Ka6 63. Rf6 Rc5+ 64. Kb4 Rb5+
65. Kc4 Kb7 66. Rf7+ Kc8 67. a4 Rc5+ 68. Kb4 Rh5 69. Rg7 Rh4+ 70. Kb3 Rd4 71.
Rf7 Rd7 72. Rf4 Kc7 73. Kb4 Rd5 74. Rf7+ Rd7 75. Rf4 Rd1 76. Rf7+ Kd6 77. Rf6+
Kd5 78. Rf5+ Ke6 79. Rh5 Rd4+ 80. Kb3 Rf4 81. Rg5 Re4 82. Rh5 Kd6 83. Rg5 Re5
84. Rg6+ Kc5 85. Rg3 Re1 86. Rg5+ Kd4 87. Rg4+ Re4 88. Rg6 Kd5 89. Rg5+ Re5 90.
Rg6 Kc5 91. Rg3 Kd6 92. Rg6+ Kd7 93. Rg4 Kc7 94. Kb4 Kb7 95. Rg6 Re4+ 96. Kb3 c5
97. Rh6 Rb4+ 98. Ka3 Ka6 99. Rh8 Rf4 100. Kb3 Rf3+ 101. Kc4 Ra3 102. Kd5 Rxa4
103. Kc6 Ka5 104. Rb8 Rg4 105. Ra8+ Kb4 106. Kxb6 Rg6+ 107. Kb7 c4 108. Rh8 c3
109. Rh4+ Kb3 110. Rh3 Kb2 111. Rh5 c2 112. Rb5+ Kc1 113. Kc7 Rg2 114. Kc6 Kd1
115. Rd5+ Rd2 0-1

[Event "Online Olym Top DivA 2020"]
[Site "chess.com INT"]
[Date "2020.08.23"]
[Round "7.4"]
[Board "1"]
[White "Abdusattorov, Nodirbek"]
[Black "Bilguun, Sumiya"]
[Result "0-1"]
[WhiteTitle "GM"]
[BlackTitle "GM"]
[WhiteElo "2627"]
[BlackElo "2454"]
[WhiteTeam "Uzbekistan"]
[BlackTeam "Mongolia"]
[WhiteFideId "14204118"]
[BlackFideId "4901541"]
[EventDate "2020.08.21"]
[EventType "team"]

1. d4 d5 2. Nf3 e6 3. e3 Nf6 4. Bd3 Nbd7 5. b3 Bd6 6. Bb2 Ne4 7. Nbd2 f5 8. a3
O-O 9. Qe2 Qf6 10. c4 c6 11. b4 a6 12. Nb3 Qg6 13. O-O Qh6 14. Ne5 Nef6 15. f3
g5 16. cxd5 Nxd5 17. Nc5 Nxe5 18. dxe5 Bc7 19. Bc4 f4 20. Bxd5 cxd5 21. Rac1 Bd8
22. e4 b6 23. Nb3 Bb7 24. Nd2 Qg6 25. Rfe1 h5 26. exd5 Bxd5 27. Ne4 g4 28. Kh1
Bh4 29. Nf6+ Bxf6 30. exf6 Rac8 31. Red1 Kh7 32. f7 Qxf7 33. Rc2 Qf5 34. Rcd2
Rcd8 35. Rd3 Rg8 36. Qf2 gxf3 37. gxf3 Qh3 38. Rc1 Rd7 39. Qe2 Qf5 40. Rdc3 Kh6
41. Rc8 Qh3 42. R8c3 Rdg7 0-1

[Event "Online Olym Top DivA 2020"]
[Site "chess.com INT"]
[Date "2020.08.23"]
[Round "7.4"]
[Board "2"]
[White "Nasanjargal, Urtnasan"]
[Black "Yakubboev, Nodirbek"]
[Result "1/2-1/2"]
[WhiteTitle "GM"]
[BlackTitle "GM"]
[WhiteElo "2460"]
[BlackElo "2591"]
[WhiteTeam "Mongolia"]
[BlackTeam "Uzbekistan"]
[WhiteFideId "4900774"]
[BlackFideId "14203987"]
[EventDate "2020.08.21"]
[EventType "team"]

1. Nf3 Nf6 2. c4 Nc6 3. d4 e6 4. g3 Bb4+ 5. Bd2 Qe7 6. Bg2 Bxd2+ 7. Nbxd2 d6 8.
O-O e5 9. d5 Nb8 10. e4 O-O 11. Ne1 a5 12. Nd3 Na6 13. b3 c6 14. Rc1 Nb4 15.
Nxb4 axb4 16. Ra1 Bd7 17. Qc1 b5 18. a3 bxa3 19. Rxa3 b4 20. Ra1 Rfb8 21. Qb2
Be8 22. Ra2 Nd7 23. Rfa1 Rxa2 24. Qxa2 Nc5 25. Qa7 Qd8 26. h4 Bd7 27. Qa5 Qc8
28. Qa7 g6 29. Ra5 Kg7 30. Bf1 Rb7 31. Qa8 Qc7 32. Ra1 Rb8 33. Qa7 Qc8 34. Ra5
Rb7 35. Qa8 Rb8 36. Qa7 1/2-1/2

[Event "Online Olym Top DivA 2020"]
[Site "chess.com INT"]
[Date "2020.08.23"]
[Round "7.4"]
[Board "3"]
[White "Kurbonboeva, Sarvinoz"]
[Black "Munguntuul, Batkhuyag"]
[Result "0-1"]
[WhiteTitle "WGM"]
[BlackTitle "IM"]
[WhiteElo "2234"]
[BlackElo "2428"]
[WhiteTeam "Uzbekistan"]
[BlackTeam "Mongolia"]
[WhiteFideId "14201780"]
[BlackFideId "4900758"]
[EventDate "2020.08.21"]
[EventType "team"]

1. d4 d5 2. c4 c6 3. cxd5 cxd5 4. Nc3 e6 5. Nf3 Nc6 6. Bf4 Bd6 7. Bg3 Nge7 8. e3
O-O 9. Bd3 h6 10. O-O Bxg3 11. hxg3 f5 12. Rc1 Bd7 13. Na4 b6 14. b3 Be8 15. Nb2
Nb4 16. Bb1 Bh5 17. Qd2 Bxf3 18. Qxb4 Be4 19. Bd3 Ng6 20. Ba6 Qg5 21. Qd6 f4 22.
f3 fxg3 23. Qxe6+ Kh7 24. fxe4 Qxe3+ 25. Kh1 Rae8 26. Qh3 Nf4 27. Qg4 Rxe4 28.
Qf3 Qd2 29. Bd3 Nxd3 30. Qxd3 Rxf1+ 31. Rxf1 Qxb2 32. Qxg3 Qxd4 33. Rf2 Rg4 34.
Qf3 Rh4+ 35. Kg1 Qa1+ 36. Rf1 Qd4+ 37. Rf2 Qe4 38. Qf7 Rg4 39. a4 a5 40. Qf8 d4
41. Qd6 d3 42. Qd7 Rg6 43. Kf1 Qe3 0-1

[Event "Online Olym Top DivA 2020"]
[Site "chess.com INT"]
[Date "2020.08.23"]
[Round "7.4"]
[Board "4"]
[White "Batchimeg, Tuvshintugs"]
[Black "Baymuratova, Sevara"]
[Result "1-0"]
[WhiteTitle "IM"]
[BlackTitle "WIM"]
[WhiteElo "2356"]
[BlackElo "2153"]
[WhiteTeam "Mongolia"]
[BlackTeam "Uzbekistan"]
[WhiteFideId "4900839"]
[BlackFideId "14202182"]
[EventDate "2020.08.21"]
[EventType "team"]

1. d4 d5 2. c4 c6 3. Nf3 Nf6 4. e3 e6 5. Nbd2 Nbd7 6. b3 Be7 7. Bb2 O-O 8. Bd3
Qa5 9. O-O Ba3 10. Bxa3 Qxa3 11. Qc2 Qd6 12. Rad1 b6 13. e4 dxe4 14. Nxe4 Nxe4
15. Bxe4 Nf6 16. c5 bxc5 17. dxc5 Qc7 18. Rd6 Bb7 19. Rfd1 Rad8 20. h3 h6 21.
Ne5 Nd5 22. Nc4 Ba6 23. Bxd5 exd5 24. Rxd8 Rxd8 25. Nd6 Bc8 26. Qc3 Be6 27. Re1
a5 28. f4 Rb8 29. f5 d4 30. Qxd4 Rb4 31. Qe5 Bd5 32. f6 Qa7 33. Rc1 a4 34. Nc8
Qd7 35. Ne7+ Kh7 36. fxg7 f6 37. Qxf6 Re4 38. Qg6# 1-0

[Event "Online Olym Top DivA 2020"]
[Site "chess.com INT"]
[Date "2020.08.23"]
[Round "7.4"]
[Board "5"]
[White "Sindarov, Javokhir"]
[Black "Batsuren, Dambasuren"]
[Result "1/2-1/2"]
[WhiteTitle "GM"]
[BlackTitle "IM"]
[WhiteElo "2557"]
[BlackElo "2481"]
[WhiteTeam "Uzbekistan"]
[BlackTeam "Mongolia"]
[WhiteFideId "14205483"]
[BlackFideId "4902920"]
[EventDate "2020.08.21"]
[EventType "team"]

1. e4 e5 2. Nf3 Nc6 3. Bc4 Bc5 4. O-O Nf6 5. d3 O-O 6. a4 a5 7. c3 d6 8. Na3 h6
9. Nc2 Be6 10. Bxe6 fxe6 11. Be3 Ba7 12. Bxa7 Rxa7 13. g3 Qe8 14. Ne3 Qh5 15.
Kg2 Raa8 16. Nd2 Qxd1 17. Raxd1 Nd7 18. Nb3 Rfb8 19. Rd2 b5 20. axb5 Rxb5 21.
Na1 Rab8 22. Nd1 Nc5 23. f4 exf4 24. gxf4 Nb3 25. Nxb3 Rxb3 26. Rff2 a4 27. Rc2
g5 28. fxg5 Ne5 29. Rfd2 hxg5 30. Ne3 c5 31. Nc4 Nxc4 32. dxc4 Kf7 33. Rf2+ Ke7
34. Kg3 a3 35. bxa3 Rxa3 36. Rf3 Ra4 37. Rcf2 Kd7 38. e5 Rxc4 39. exd6 Rb3 40.
Rc2 Kxd6 41. Rd2+ Ke7 42. Rdd3 Re4 43. Rde3 Rxe3 44. Rxe3 Ra3 45. Kg4 Kf6 46.
Rf3+ Kg6 47. Re3 Ra4+ 48. Kg3 Kf5 49. Rd3 Rc4 50. Rf3+ Ke5 51. Re3+ Re4 52.
Rxe4+ Kxe4 53. Kg4 Kd3 54. Kxg5 e5 55. h4 e4 56. h5 e3 57. h6 e2 58. h7 e1=Q 59.
h8=Q Qxc3 60. Qh7+ Kd2 61. Qh2+ Kc1 62. Qh1+ Kb2 63. Qg2+ Kc1 64. Qh1+ Kc2 65.
Qe4+ Qd3 66. Qa4+ Kb2 67. Kh6 Qd2+ 68. Kh5 Qb4 69. Qd1 c4 70. Qe2+ Ka3 71. Qd1
Qc3 72. Kh6 Qd3 73. Qa1+ Kb3 74. Qa8 c3 75. Qb7+ Kc2 76. Kg7 Qd4+ 77. Kg8 Qg4+
78. Kh8 Qh4+ 79. Kg8 Kc1 80. Qf3 Qc4+ 81. Kh7 c2 82. Qe3+ Kb2 83. Qb6+ Kc3 84.
Qf6+ Kd2 85. Qh6+ Kc3 86. Qf6+ Kb4 87. Qb2+ Kc5 88. Qe5+ Kc6 89. Qf6+ Kb5 90.
Qe5+ Ka4 91. Qe8+ Ka3 92. Qe7+ Qb4 93. Qa7+ Kb2 94. Qg7+ Kb1 95. Qg6 Qc5 96. Qe4
Kb2 97. Qe2 Qc7+ 98. Kh8 Qc3+ 99. Kh7 Qd4 100. Qb5+ Kc3 101. Qc6+ Qc4 102. Qf6+ 1/2-1/2

[Event "Online Olym Top DivA 2020"]
[Site "chess.com INT"]
[Date "2020.08.23"]
[Round "7.4"]
[Board "6"]
[White "Munkhzul, Davaakhuu"]
[Black "Yakubbaeva, Nilufar"]
[Result "0-1"]
[WhiteTitle "WFM"]
[BlackTitle "WIM"]
[WhiteElo "1991"]
[BlackElo "2265"]
[WhiteTeam "Mongolia"]
[BlackTeam "Uzbekistan"]
[WhiteFideId "4902815"]
[BlackFideId "14204487"]
[EventDate "2020.08.21"]
[EventType "team"]

1. e4 c6 2. Nc3 d5 3. Nf3 Nf6 4. e5 Ne4 5. Ne2 Qb6 6. d4 e6 7. Ng3 c5 8. Bd3
Nxg3 9. fxg3 cxd4 10. O-O Nc6 11. a3 Be7 12. b4 a6 13. Qe2 h6 14. Bd2 Bd7 15. g4
g5 16. Rfb1 Qc7 17. a4 O-O 18. h4 Qd8 19. hxg5 hxg5 20. b5 axb5 21. axb5 Rxa1
22. Rxa1 Nb4 23. Bxb4 Bxb4 24. Ra4 Bc5 25. Qd2 f6 26. exf6 Qxf6 27. Qxg5+ Qxg5
28. Nxg5 e5 29. Ra1 e4 30. Bf1 d3+ 31. Kh1 dxc2 32. Be2 Be3 0-1

[Event "Online Olym Top DivA 2020"]
[Site "chess.com INT"]
[Date "2020.08.23"]
[Round "7.5"]
[Board "1"]
[White "Taher, Yoseph Theolifus"]
[Black "Maghsoodloo, Parham"]
[Result "1/2-1/2"]
[WhiteTitle "IM"]
[BlackTitle "GM"]
[WhiteElo "2455"]
[BlackElo "2676"]
[WhiteTeam "Indonesia"]
[BlackTeam "Iran"]
[WhiteFideId "7105347"]
[BlackFideId "12539929"]
[EventDate "2020.08.21"]
[EventType "team"]

1. d4 Nf6 2. c4 e6 3. Nf3 d5 4. Nc3 Bb4 5. Bg5 dxc4 6. e4 h6 7. Bxf6 Qxf6 8.
Bxc4 c5 9. e5 Qd8 10. O-O cxd4 11. Ne4 Nc6 12. Qe2 Bd7 13. Rad1 Qb6 14. Ng3
O-O-O 15. a3 Be7 16. b4 Kb8 17. Qe4 g5 18. Ne2 h5 19. Nfxd4 Nxd4 20. Rxd4 Bc6
21. Qe3 Rxd4 22. Nxd4 Ba4 23. Bb3 Bxb3 24. Nxb3 Qxe3 25. fxe3 Rf8 26. Nd4 Kc7
27. Kf2 Kd7 28. Rc1 Bd8 29. Kf3 Bc7 30. Ke4 f5+ 31. exf6 Rxf6 32. h3 Rf2 33. Rc2
Rxc2 34. Nxc2 g4 1/2-1/2

[Event "Online Olym Top DivA 2020"]
[Site "chess.com INT"]
[Date "2020.08.23"]
[Round "7.5"]
[Board "2"]
[White "Ghaem Maghami, Ehsan"]
[Black "Priasmoro, Novendra"]
[Result "0-1"]
[WhiteTitle "GM"]
[BlackTitle "IM"]
[WhiteElo "2561"]
[BlackElo "2502"]
[WhiteTeam "Iran"]
[BlackTeam "Indonesia"]
[WhiteFideId "12500739"]
[BlackFideId "7105029"]
[EventDate "2020.08.21"]
[EventType "team"]

1. Nf3 Nf6 2. c4 g6 3. Nc3 Bg7 4. e4 d6 5. d4 O-O 6. Be2 Na6 7. O-O e5 8. Be3 c6
9. d5 Ng4 10. Bg5 f6 11. Bh4 c5 12. a3 h5 13. Nd2 Qe7 14. Rb1 Bd7 15. b4 b6 16.
Nb5 Rfc8 17. Re1 Qf8 18. f3 Ne3 19. Qb3 Bh6 20. Rb2 f5 21. Bf2 f4 22. Nf1 Nxf1
23. Rxf1 g5 24. h3 Kh7 25. Rfb1 Qf6 26. Qd1 Rg8 27. bxc5 Nxc5 28. a4 Rg7 29. a5
Rag8 30. axb6 axb6 31. Nxd6 Qxd6 32. Rxb6 Qf8 33. d6 Na4 34. R6b3 g4 35. hxg4
hxg4 36. fxg4 Bxg4 37. Bxg4 Rxg4 38. Rb7+ Kh8 39. Qxa4 Rxg2+ 40. Kf1 Qxd6 41.
Qd7 Qg6 42. Qh3 Rg1+ 43. Bxg1 Qxg1+ 44. Ke2 Rg2+ 45. Qxg2 Qxg2+ 46. Kd3 Qf3+ 47.
Kd2 Qe3+ 48. Kc2 f3 49. Rb8+ Kh7 50. R1b7+ Bg7 0-1

[Event "Online Olym Top DivA 2020"]
[Site "chess.com INT"]
[Date "2020.08.23"]
[Round "7.5"]
[Board "3"]
[White "Sukandar, Irine Kharisma"]
[Black "Khademalsharieh, Sarasadat"]
[Result "0-1"]
[WhiteTitle "IM"]
[BlackTitle "IM"]
[WhiteElo "2413"]
[BlackElo "2494"]
[WhiteTeam "Indonesia"]
[BlackTeam "Iran"]
[WhiteFideId "7101937"]
[BlackFideId "12512214"]
[EventDate "2020.08.21"]
[EventType "team"]

1. d4 Nf6 2. Bf4 d5 3. e3 c5 4. c3 Nc6 5. Nd2 cxd4 6. exd4 Bf5 7. Ngf3 e6 8. Qb3
Bd6 9. Qxb7 Bxf4 10. Qxc6+ Kf8 11. g3 Bd6 12. Ne5 Rb8 13. Nb3 Rb6 14. Qa4 Qc7
15. Nd3 h5 16. O-O-O g6 17. Ndc5 Kg7 18. Bd3 Bg4 19. Rd2 h4 20. Re1 hxg3 21.
fxg3 Bf5 22. Bxf5 exf5 23. Qa5 f4 24. Kb1 fxg3 25. hxg3 Bxg3 26. Rf1 Qe7 27. Rg2
Ne4 28. Ka1 Rf6 29. Qb5 Bd6 30. Nxe4 Qxe4 31. Rgg1 Rxf1+ 32. Qxf1 Rh2 33. Qd1
Qe3 34. Re1 Qf2 35. Qb1 g5 36. Rf1 Qe2 37. Nc5 g4 38. Nd3 g3 39. Re1 Qc2 40.
Qxc2 Rxc2 41. Kb1 Rd2 42. Nc1 g2 43. Rg1 Bh2 0-1